Past, Present, and Future. A Reading-Writing Text (Record no. 2528)

MARC details
000 -LEADER
fixed length control field 00386nam a22001457a 4500
008 - FIXED-LENGTH DATA ELEMENTS--GENERAL INFORMATION
fixed length control field 250320b |||||||| |||| 00| 0 eng d
020 ## - INTERNATIONAL STANDARD BOOK NUMBER
ISBN 053407083
100 ## - MAIN ENTRY--AUTHOR
Author Gregg, Young Joan
245 ## - TITLE STATEMENT
Title Past, Present, and Future. A Reading-Writing Text
250 ## - EDITION STATEMENT
Edition statement 2nd
260 ## - PUBLICATION, DISTRIBUTION, ETC. (IMPRINT)
Place of publication California
Name of publisher Wadsworth Publishing Company
Date of publication 1987
300 ## - COLLATION
Pagination 359p.
942 ## - ADDED ENTRY ELEMENTS (KOHA)
Item type Books
050 ## - LIBRARY OF CONGRESS CALL NUMBER
Classification number PE 1128
Item number .G74
Holdings
Source of classification or shelving scheme Not for loan Permanent location Current location Date acquired Accession No. Full call number Barcode. Koha item type
Library of Congress Classification   Samuel Ogbemudia Main Library, University of Abuja Samuel Ogbemudia Main Library, University of Abuja 03/20/2025 92/009302 PE 1128.G74 2025-0805 Books